000 00569nam a2200193Ia 4500
003 IN-BaIIA
008 211028s9999 xx 000 0 eng d
020 _a978-0074620250
040 _cIIA Library
080 _a535.33
_bBAN
100 _aBanwell, C. N.
_932400
245 0 _aFundamentals of molecular spectroscopy
_cC. N. Banwell and Elaine M Mc Cash
250 _a4th ed.
260 _aNew Delhi
_bTata McGraw-Hill
_c2008
300 _axii, 308p.
650 _aMolecular spectroscopy
700 _aMc Cash, Elaine M.
_932401
942 _cBK
999 _c17191
_d17191